| 000 | 00545nam a22001817a 4500 | ||
|---|---|---|---|
| 003 | 0 | ||
| 005 | 20250109150330.0 | ||
| 008 | 250109b xxu||||| |||| 00| 0 eng d | ||
| 020 | _a979-8-89161-095-8 | ||
| 050 |
_aQA 107 _b.D39 2024 |
||
| 100 |
_aDawson, Dylan _eauthor. |
||
| 245 |
_aFoundations of mathematics / _cDylan Dawson. |
||
| 260 |
_aJersey City, USA : _bAlexis Press, LLC, _c2024. |
||
| 300 |
_aviii, 238 p. : _bill. ; _c24 cm. |
||
| 504 | _aIncludes bibliographical references and index. | ||
| 650 | _aMathematics. | ||
| 942 |
_2lcc _cBK |
||
| 999 |
_c366960 _d366960 |
||